Statistics for Best Years - 5 Seconds of Summer (All Lyrics)

Click here to take the quiz!

General Stats

  • This quiz has been taken 188 times
  • The average score is 195 of 214

Answer Stats

Best Years% Correct
I
99%
The
99%
the
99%
a
98%
give
98%
you
98%
You
98%
best
97%
I'll
97%
years
97%
me
95%
your
95%
all
92%
darling
92%
of
92%
to
92%
and
91%
And
91%
for
91%
love
91%
out
91%
won't
90%
regret
89%
up
89%
when
89%
cigarette
88%
like
88%
promise
88%
broken
87%
But
87%
mess
87%
make
86%
tears
86%
away
85%
hold
85%
home
85%
much
85%
pieces
85%
wanna
85%
was
85%
hand
84%
carry
83%
hesitate
83%
house
83%
million
83%
reasons
83%
that
83%
walk
83%
better
82%
drink
82%
got
82%
so
82%
than
82%
these
82%
we're
82%
growing
81%
on
81%
too
81%
yesterday
81%
build
80%
people
80%
reminded
80%
stand
80%
time
80%
cannot
79%
did
79%
things
79%
while
79%
future's
78%
hair
78%
wasted
78%
Verse 1You've
78%
burned
75%
Gave
75%
half
75%
man
73%
Past
71%

Score Distribution

Percentile by Number Answered

Percent of People with Each Score

Your Score History

You have not taken this quiz